Sinh lí học trẻ em Tài liệu Đào tạo giáo viên tiểu học trình độ Cao đẳng và Đại học Sư phạm
Đề cập một cách toàn diện những đặc điểm phát triển sinh lí trẻ em lứa tuổi mầm non, đầu tuổi học: đặc điểm phát triển của hệ thần kinh, các cơ quan phân tích, hệ vận động, hệ tuần hoàn, hệ hô hấp, hệ tiêu hoá, hệ bài tiết... của trẻ qua các thời kỳ và những yêu cầu sư phạm cần thiết trong công tác...
Αποθηκεύτηκε σε:
| Κύριος συγγραφέας: | |
|---|---|
| Μορφή: | Βιβλίο |
| Γλώσσα: | Vietnamese |
| Έκδοση: |
H.
Giáo dục Đại học Sư phạm
2006
|
| Θέματα: | |
| Ετικέτες: |
Προσθήκη ετικέτας
Δεν υπάρχουν, Καταχωρήστε ετικέτα πρώτοι!
|
| Thư viện lưu trữ: | Mạng thư viện Đại học Đà Nẵng |
|---|
| LEADER | 01740nam a2200373 4500 | ||
|---|---|---|---|
| 001 | 000006573 | ||
| 003 | 2731 | ||
| 005 | 20120524090522.0 | ||
| 008 | 110914s2006 viesd | ||
| 020 | |c 000đ | ||
| 041 | 0 | |a vie | |
| 082 | |a 372.21 |b TR-T | ||
| 100 | 0 | |a Trần Trọng Thủy | |
| 245 | 0 | |a Sinh lí học trẻ em |b Tài liệu Đào tạo giáo viên tiểu học trình độ Cao đẳng và Đại học Sư phạm |c Trần Trọng Thủy | |
| 260 | |a H. |b Giáo dục |b Đại học Sư phạm |c 2006 | ||
| 300 | |a 84 tr |b hình vẽ, bảng |c 21x29 cm | ||
| 500 | |a Dự án phát triển giáo viên tiểu học | ||
| 520 | |a Đề cập một cách toàn diện những đặc điểm phát triển sinh lí trẻ em lứa tuổi mầm non, đầu tuổi học: đặc điểm phát triển của hệ thần kinh, các cơ quan phân tích, hệ vận động, hệ tuần hoàn, hệ hô hấp, hệ tiêu hoá, hệ bài tiết... của trẻ qua các thời kỳ và những yêu cầu sư phạm cần thiết trong công tác nuôi dạy trẻ lứa tuổi mần non | ||
| 653 | |a Sinh lí | ||
| 653 | |a Trẻ em | ||
| 653 | |a Giáo viên | ||
| 653 | |a Tiểu học | ||
| 700 | |a Trần Trọng Thủy | ||
| 910 | |a Nguyễn Thị Kim Oanh |d 14/09/2011 | ||
| OWN | |a LSP | ||
| AVA | |a UDN50 |b LSP |d 372.21 TR-T |e check_holdings |t Error 5003 Not defined in file expand_doc_bib_avail. |h N |k 1 | ||
| 999 | |a From the UDN01 | ||
| AVA | |a UDN50 |b LSP |d 372.21 TR-T |e available |t Error 5001 Not defined in file expand_doc_bib_avail. |f 58 |g 9 |h N |i 12 |k 1 | ||
| TYP | |a Monograph | ||
| TYP | |a Printed language | ||
| 980 | |a Mạng thư viện Đại học Đà Nẵng | ||